000 00652nam a22002177a 4500
999 _c1040
_d1040
005 20200317100253.0
008 200317b ||||| |||| 00| 0 eng d
040 _cKH8
082 _a320 ZUN
100 _aZunar
_eauthor
245 _aTwit twit cincin /
_cZunar
260 _aMalaysia :
_c2017.
300 _a128 p.
_bill. :
_c17 x 26 cm.
500 _aSigned copy
546 _aBilingual
650 _aPolitical corruption
_vCaricatures and cartoons
650 _aPoliticians
_vMalaysia
_xCaricatures and cartoons
650 _aMalaysia
_vPolitics and government
_xCaricatures and cartoons.
650 _aComics (Graphic works)
942 _2ddc
_cNFIC